000
00304 a2200145 4500
001
167904
020
_a
040
_c
Magnum
100
_a
Ganong, William F.
240
1
0
_a
Fisiologia medica
_l
por
245
1
0
_a
Fisiologia medica
362
0
_a
1899
697
_a
CIENCIAS MEDICAS SAUDE
942
_c
BK
999
_c
167904
_d
167904